[Event "FRA-ch blitz"]
[Site "Nice"]
[Date "2011.02.20"]
[Round "13"]
[White "Bauer, Christian"]
[Black "Feller, Sebastien"]
[Result "1-0"]
[WhiteElo "2633"]
[BlackElo "2657"]
[PlyCount "59"]
[EventDate "2011.02.20"]
[EventType "swiss (blitz)"]
[EventRounds "13"]
[EventCountry "FRA"]
[SourceTitle "CBM 141 Extra"]
[Source "ChessBase"]
[SourceDate "2011.05.03"]
[SourceVersion "1"]
[SourceVersionDate "2011.05.03"]
[SourceQuality "1"]

1. e4 e5 2. Nf3 Nc6 3. c3 Nf6 4. d3 d5 5. Nbd2 a5 6. Be2 g6 7. b3 Bg7 8. Ba3
Bf8 9. Bb2 Bg7 10. a3 O-O 11. O-O Nh5 12. g3 dxe4 13. dxe4 Qe7 14. Nc4 Bh3 15.
Re1 Rad8 16. Qc2 f5 17. Ne3 fxe4 18. Qxe4 Be6 19. c4 Nf6 20. Qc2 Nd4 21. Nxd4
exd4 22. Ng2 Qf7 23. Bd3 Rfe8 24. Nf4 Bg4 25. c5 Kh8 26. Rxe8+ Qxe8 27. Qd2 Ne4
28. Bxe4 Qxe4 29. Re1 Qd5 30. Nxd5 1-0

[Event "CZE-chT2F 1011"]
[Site "Czechia"]
[Date "2011.02.20"]
[Round "8.6"]
[White "Sveda, Jiri"]
[Black "Fargac, Martin"]
[Result "0-1"]
[WhiteElo "1952"]
[BlackElo "1887"]
[PlyCount "52"]
[EventDate "2010.10.17"]
[EventType "team-tourn"]
[EventRounds "11"]
[EventCountry "CZE"]
[SourceTitle "EXT 2012"]
[Source "ChessBase"]
[SourceDate "2011.11.24"]
[SourceVersion "1"]
[SourceVersionDate "2011.11.24"]
[SourceQuality "1"]
[WhiteTeam "Unicov"]
[BlackTeam "Trinec III"]
[WhiteTeamCountry "CZE"]
[BlackTeamCountry "CZE"]

1. e4 e5 2. Nf3 Nc6 3. c3 Nf6 4. d4 exd4 5. e5 Nd5 6. Bb5 Be7 7. cxd4 O-O 8.
Nc3 Nxc3 9. bxc3 d6 10. h3 dxe5 11. Bxc6 bxc6 12. Nxe5 Ba6 13. Nxc6 Qe8 14.
Nxe7+ Qxe7+ 15. Be3 Qe4 16. Qf3 Qd3 17. Rc1 Rfe8 18. c4 Bxc4 19. Rxc4 Qxc4 20.
Qe2 Qc3+ 21. Kf1 Rab8 22. Kg1 Qxd4 23. Qc2 Qe5 24. g3 Rb2 25. Qa4 h6 26. Qxa7
Qe4 0-1

[Event "Mladinsko Drzavno Prvenstvo - Fantj"]
[Site "?"]
[Date "2011.02.19"]
[Round "?"]
[White "Lucovnik, Tilen"]
[Black "Vidmar, Urban"]
[Result "1-0"]
[WhiteElo "1790"]
[BlackElo "1505"]
[PlyCount "43"]
[EventDate "2011.??.??"]
[SourceTitle "OM OTB B 201907"]
[Source "Opening Master"]
[SourceDate "2019.07.06"]
[SourceVersion "2"]
[SourceVersionDate "2019.07.06"]
[SourceQuality "1"]

1. e4 e5 2. Nf3 Nc6 3. c3 d6 4. Be2 Nf6 5. d4 Bg4 6. O-O Be7 7. Re1 O-O 8. d5
Nb8 9. Qc2 Nh5 10. Nxe5 Bxe2 11. Qxe2 dxe5 12. Qxh5 Nd7 13. Be3 Nc5 14. Bxc5
Bxc5 15. Qxe5 Re8 16. Qf4 Qf6 17. Qxf6 gxf6 18. Nd2 a5 19. a4 b6 20. Rad1 Rad8
21. Nb3 Bd6 22. Nd4 1-0

[Event "Madrid-ch Veterans"]
[Site "Madrid"]
[Date "2011.02.14"]
[Round "6"]
[White "Casares Ripoll, Fernando"]
[Black "Cabanas Bravo, Juan Andres"]
[Result "1-0"]
[WhiteElo "2109"]
[BlackElo "2059"]
[PlyCount "81"]
[EventDate "2011.02.07"]
[EventType "swiss"]
[EventRounds "9"]
[EventCountry "ESP"]
[SourceTitle "CBM 140 Extra"]
[Source "ChessBase"]
[SourceDate "2011.03.01"]
[SourceVersion "1"]
[SourceVersionDate "2011.03.01"]
[SourceQuality "1"]

1. e4 e5 2. Nf3 Nc6 3. c3 f5 4. d4 fxe4 5. Nxe5 Qf6 6. Ng4 Qg6 7. d5 h5 8. dxc6
hxg4 9. cxb7 Bxb7 10. Be3 Nf6 11. Be2 Rh5 12. Qb3 Bc6 13. Nd2 Bc5 14. Nc4 a5
15. O-O-O a4 16. Qc2 Qf7 17. h3 Bxe3+ 18. Nxe3 Qxa2 19. hxg4 Rxh1 20. Rxh1 Qa1+
21. Qb1 Qxb1+ 22. Kxb1 Kf7 23. g5 Ne8 24. Rh8 Nd6 25. Bh5+ Ke6 26. Rh7 a3 27.
bxa3 Rxa3 28. Kb2 Ra5 29. Rxg7 Rb5+ 30. Kc2 Rc5 31. Bg4+ Ke5 32. Bxd7 Nb5 33.
c4 Nd4+ 34. Kc3 Bxd7 35. Rxd7 Ne2+ 36. Kd2 Nf4 37. g3 Nh3 38. g6 Rc6 39. Re7+
Kd4 40. g7 Rf6 41. Re8 1-0

[Event "CZE-chT1W 1011"]
[Site "Czechia"]
[Date "2011.02.13"]
[Round "8.7"]
[White "Bostl, Frantisek"]
[Black "Hala, Bohumil"]
[Result "1-0"]
[WhiteElo "2205"]
[BlackElo "2257"]
[PlyCount "89"]
[EventDate "2010.10.10"]
[EventType "team-tourn"]
[EventRounds "11"]
[EventCountry "CZE"]
[SourceTitle "EXT 2012"]
[Source "ChessBase"]
[SourceDate "2011.11.24"]
[SourceVersion "1"]
[SourceVersionDate "2011.11.24"]
[SourceQuality "1"]
[WhiteTeam "Ceske Budejovice"]
[BlackTeam "Hradec Kralove"]
[WhiteTeamCountry "CZE"]
[BlackTeamCountry "CZE"]

1. e4 e5 2. Nf3 Nc6 3. c3 Nf6 4. d4 Nxe4 5. d5 Ne7 6. Nxe5 Ng6 7. Qd4 Qf6 8.
Qxe4 Qxe5 9. Qxe5+ Nxe5 10. Be3 Be7 11. Bd4 f6 12. f4 Nf7 13. Bd3 b6 14. c4 Bb7
15. O-O O-O 16. Nc3 c6 17. Bf5 Rfd8 18. Rad1 Nd6 19. dxc6 dxc6 20. Be6+ Nf7 21.
Bf2 Rxd1 22. Rxd1 Rd8 23. Rxd8+ Bxd8 24. c5 Bc7 25. b4 b5 26. Ne4 Kf8 27. f5
Ne5 28. Nd6 Ba6 29. Bg3 Ke7 30. Bxe5 fxe5 31. Ne4 Kd8 32. g4 Bc8 33. Bxc8 Kxc8
34. g5 Kd7 35. h4 a5 36. a3 axb4 37. axb4 Bd8 38. Kf2 g6 39. f6 Ke6 40. Ke3 Kf5
41. Nd6+ Ke6 42. Ke4 h6 43. f7 Be7 44. gxh6 Kf6 45. Ne8+ 1-0

[Event "FIN-chT 1011"]
[Site "Finland"]
[Date "2011.02.13"]
[Round "7.2"]
[White "Sklyarov, Dmitry V"]
[Black "Sepp, Olav"]
[Result "1/2-1/2"]
[WhiteElo "2402"]
[BlackElo "2485"]
[PlyCount "120"]
[EventDate "2010.09.18"]
[EventType "team-tourn"]
[EventRounds "9"]
[EventCountry "FIN"]
[SourceTitle "EXT 2012"]
[Source "ChessBase"]
[SourceDate "2011.11.24"]
[SourceVersion "1"]
[SourceVersionDate "2011.11.24"]
[SourceQuality "1"]
[WhiteTeam "Joe SK"]
[BlackTeam "Etela Vantaan"]
[WhiteTeamCountry "FIN"]
[BlackTeamCountry "FIN"]

1. e4 e5 2. Nf3 Nc6 3. c3 Nf6 4. d3 d5 5. Nbd2 a5 6. Be2 Bc5 7. O-O O-O 8. a4
Re8 9. Nb3 Ba7 10. Nfd2 Be6 11. exd5 Bxd5 12. Nc4 Bxc4 13. dxc4 Qe7 14. Qd3
Rad8 15. Qh3 Nd7 16. Qg3 Nc5 17. Bh6 f6 18. Nxc5 Bxc5 19. Rad1 Kh8 20. Bc1 Qe6
21. h4 f5 22. h5 h6 23. Rd5 Rxd5 24. cxd5 Qxd5 25. Qg6 Qe6 26. Rd1 Qxg6 27.
hxg6 Bd6 28. g4 fxg4 29. Bxg4 Rf8 30. Rd3 e4 31. Re3 Bf4 32. Re1 Bxc1 33. Rxc1
Ne5 34. Bh5 Nd3 35. Rd1 Nf4 36. Bg4 Nxg6 37. Rd4 Rf4 38. Bc8 b6 39. Bb7 Ne5 40.
Bxe4 g5 41. Rd8+ Kg7 42. Bc2 Rf7 43. Bb3 Rd7 44. Rg8+ Kf6 45. Rh8 Kg7 46. Rg8+
Kh7 47. Re8 Ng6 48. Bc2 Kg7 49. Bxg6 Kxg6 50. Re6+ Kh5 51. Rc6 Rd2 52. b4 axb4
53. cxb4 Rd4 54. Rxc7 Rxb4 55. Rc6 g4 56. Kg2 Kg5 57. a5 bxa5 58. Rc5+ Kg6 59.
Rxa5 h5 60. Ra6+ Kg5 1/2-1/2

[Event "FRA-chT Top 12 (Women) GpB"]
[Site "Sartrouville"]
[Date "2011.02.13"]
[Round "3.4"]
[White "Armas, Lena"]
[Black "Josse, Mathilde"]
[Result "1-0"]
[WhiteElo "1857"]
[BlackElo "1694"]
[PlyCount "51"]
[EventDate "2011.02.11"]
[EventType "team-tourn"]
[EventRounds "4"]
[EventCountry "FRA"]
[SourceTitle "EXT 2012"]
[Source "ChessBase"]
[SourceDate "2011.11.24"]
[SourceVersion "1"]
[SourceVersionDate "2011.11.24"]
[SourceQuality "1"]
[WhiteTeam "Naujac (W)"]
[BlackTeam "Guingamp (W)"]
[WhiteTeamCountry "FRA"]
[BlackTeamCountry "FRA"]

1. e4 e5 2. Nf3 Nc6 3. c3 d5 4. Bb5 Bg4 5. Qa4 Qd6 6. exd5 Qxd5 7. Bxc6+ bxc6
8. Qxg4 g6 9. O-O Bg7 10. Re1 Nh6 11. Qh3 O-O 12. d4 e4 13. Ng5 Rae8 14. Na3 f6
15. Nxe4 Rxe4 16. Rxe4 Qxe4 17. Bxh6 Re8 18. Be3 f5 19. Qf3 Qe6 20. h3 a6 21.
b3 Rd8 22. Nc4 Rd5 23. Bd2 Qd7 24. Bf4 Qe7 25. Kf1 Rd8 26. Qxc6 1-0

[Event "TUR-ch"]
[Site "Kemer"]
[Date "2011.02.12"]
[Round "9"]
[White "Yaver, Faik Emre"]
[Black "Koksal, Ege"]
[Result "0-1"]
[WhiteElo "1627"]
[BlackElo "2021"]
[PlyCount "145"]
[EventDate "2011.02.05"]
[EventType "swiss"]
[EventRounds "10"]
[EventCountry "TUR"]
[SourceTitle "CBM 140 Extra"]
[Source "ChessBase"]
[SourceDate "2011.03.01"]
[SourceVersion "1"]
[SourceVersionDate "2011.03.01"]
[SourceQuality "1"]

1. e4 e5 2. Nf3 Nc6 3. c3 Nf6 4. d4 exd4 5. e5 Nd5 6. cxd4 d6 7. Bb5 a6 8.
Bxc6+ bxc6 9. O-O Be7 10. Re1 O-O 11. Nc3 Be6 12. Ne4 h6 13. a3 Qd7 14. Bd2
Rab8 15. b4 Nb6 16. Bf4 Bg4 17. h3 Bh5 18. Rc1 Rfd8 19. Qe2 Qf5 20. Ng3 Qxf4
21. Nxh5 Qf5 22. Ng3 Qd7 23. Qxa6 Bg5 24. Nxg5 hxg5 25. Qe2 Ra8 26. Qe3 f6 27.
e6 Qe8 28. e7 Rdc8 29. Qc3 Nd5 30. Qb3 g6 31. b5 Qf7 32. Rxc6 Nxe7 33. Qxf7+
Kxf7 34. Rc3 Nd5 35. Rb3 Ra4 36. Ne2 Rca8 37. Ra1 Ke6 38. Kf1 Nb6 39. Ke1 Nc4
40. Rc1 d5 41. f4 Rxa3 42. Rxa3 Rxa3 43. fxg5 fxg5 44. Kf2 Ra2 45. Kf3 Nd2+ 46.
Ke3 Nc4+ 47. Kf3 Nd2+ 48. Ke3 Ne4 49. Rc6+ Kd7 50. Kf3 Ra3+ 51. Kg4 Re3 52. Rc2
Rb3 53. Rc6 Rxb5 54. Rxg6 Rb2 55. Kf3 Rb3+ 56. Kg4 Re3 57. Nc1 Rg3+ 58. Kf5
Nd6+ 59. Ke5 Kc6 60. Kf6 Kb5 61. Ke5 Kc4 62. h4 gxh4 63. Rxg3 hxg3 64. Ne2 Ne4
65. Kf4 Kd3 66. Nxg3 Nxg3 67. Kxg3 Kxd4 68. Kf3 Ke5 69. Ke3 c5 70. g3 c4 71. g4
d4+ 72. Kf3 c3 73. Ke2 0-1

[Event "Cento op 1st"]
[Site "Cento"]
[Date "2011.02.12"]
[Round "8"]
[White "Borgo, Giulio"]
[Black "Sokolov, Ivan"]
[Result "0-1"]
[WhiteElo "2401"]
[BlackElo "2657"]
[PlyCount "82"]
[EventDate "2011.02.05"]
[EventType "swiss"]
[EventRounds "9"]
[EventCountry "ITA"]
[SourceTitle "CBM 140 Extra"]
[Source "ChessBase"]
[SourceDate "2011.03.01"]
[SourceVersion "1"]
[SourceVersionDate "2011.03.01"]
[SourceQuality "1"]

1. e4 e5 2. Nf3 Nc6 3. c3 f5 4. d4 fxe4 5. Nxe5 Nf6 6. Qb3 Qe7 7. Nxc6 bxc6 8.
Be2 d5 9. O-O Qe6 10. c4 Bd6 11. c5 Be7 12. Bf4 Bd8 13. Nd2 O-O 14. f3 exf3 15.
Qxf3 Rb8 16. b3 Ng4 17. Qd3 Nh6 18. Rae1 Rxf4 19. Rxf4 Bg5 20. Ref1 Bxf4 21.
Rxf4 Bd7 22. Nf3 Nf7 23. h4 Re8 24. Kf2 Qh6 25. g3 Qe6 26. Bf1 Bc8 27. Qe2 Qd7
28. Qd2 Qe7 29. Qe2 Qd8 30. Qd2 g6 31. Bd3 Qe7 32. Qe2 Qxe2+ 33. Bxe2 Nd8 34.
Rf6 Kg7 35. Rf4 Ne6 36. Rg4 Nxc5 37. dxc5 Rxe2+ 38. Kxe2 Bxg4 39. Ke3 Bxf3 40.
Kxf3 Kf6 41. Kf4 h6 0-1

[Event "Steinfurt Bezirksliga 1011"]
[Site "Germany"]
[Date "2011.02.12"]
[Round "5.6"]
[White "Sowa, Rudolf"]
[Black "Schreck, Uwe"]
[Result "1-0"]
[WhiteElo "1578"]
[BlackElo "1456"]
[PlyCount "73"]
[EventDate "2010.10.02"]
[EventType "team-tourn"]
[EventRounds "9"]
[EventCountry "GER"]
[SourceTitle "EXT 2012"]
[Source "ChessBase"]
[SourceDate "2011.11.24"]
[SourceVersion "1"]
[SourceVersionDate "2011.11.24"]
[SourceQuality "1"]
[WhiteTeam "Emsdetten Rochade III"]
[BlackTeam "Ibbenbueren II"]
[WhiteTeamCountry "GER"]
[BlackTeamCountry "GER"]

1. e4 e5 2. Nf3 Nc6 3. c3 d6 4. Be2 Nf6 5. d4 exd4 6. cxd4 Nxe4 7. d5 Nxf2 8.
Kxf2 Ne7 9. Nc3 g6 10. Re1 Bg7 11. Kg1 O-O 12. Bg5 f6 13. Be3 b6 14. Qd2 Bb7
15. Bc4 a6 16. a3 b5 17. Ba2 Bc8 18. Bh6 Bg4 19. Bxg7 Kxg7 20. Qf4 Bxf3 21.
Qxf3 Qd7 22. Re6 Nf5 23. Qe4 Rae8 24. Re1 Rxe6 25. Qxe6 Qd8 26. g4 Nd4 27. Qe7+
Kg8 28. Qxd8 Rxd8 29. Re7 Rc8 30. Kf2 c6 31. dxc6+ Kf8 32. Rf7+ Ke8 33. c7 f5
34. h4 h5 35. gxh5 gxh5 36. Rh7 f4 37. Bd5 1-0

[Event "FICS unrated standard game"]
[Site "FICS freechess.org"]
[Date "2011.02.12"]
[Round "?"]
[White "IMBorgo"]
[Black "GMSokolov"]
[Result "0-1"]
[WhiteElo "2401"]
[BlackElo "2657"]
[PlyCount "38"]
[EventDate "2011.??.??"]
[SourceTitle "OM Portal C 201906"]
[Source "Opening Master"]
[SourceDate "2019.06.27"]
[SourceVersion "1"]
[SourceVersionDate "2019.06.27"]
[SourceQuality "1"]

1. e4 e5 2. Nf3 Nc6 3. c3 f5 4. d4 fxe4 5. Nxe5 Nf6 6. Qb3 Qe7 7. Nxc6 bxc6 8.
Be2 d5 9. O-O Qe6 10. c4 Bd6 11. c5 Be7 12. Bf4 Bd8 13. Nd2 O-O 14. f3 exf3 15.
Qxf3 Rb8 16. b3 Ng4 17. Qd3 Nh6 18. Rae1 Rxf4 19. Rxf4 Bg5 0-1

[Event "FICS rated standard game"]
[Site "FICS freechess.org"]
[Date "2011.02.11"]
[Round "?"]
[White "asjeeasjee"]
[Black "alfagonzalo"]
[Result "1-0"]
[WhiteElo "2147"]
[BlackElo "2077"]
[PlyCount "99"]
[EventDate "2011.??.??"]
[SourceTitle "OM Portal C 201906"]
[Source "Opening Master"]
[SourceDate "2019.06.27"]
[SourceVersion "1"]
[SourceVersionDate "2019.06.27"]
[SourceQuality "1"]

1. e4 e5 2. Nf3 Nc6 3. c3 Nf6 4. d4 Nxe4 5. d5 Ne7 6. Bd3 Nc5 7. Nxe5 Nxd3+ 8.
Qxd3 d6 9. Qb5+ c6 10. dxc6 bxc6 11. Nxc6 Bd7 12. Nxd8 Bxb5 13. Nb7 Nc6 14. b4
Ba6 15. Na5 Nxa5 16. bxa5 Rc8 17. Be3 Rc7 18. Nd2 Be7 19. c4 O-O 20. Rb1 Bf6
21. Kd1 Bc3 22. Ne4 Bxa5 23. Nxd6 Rd8 24. c5 Bb6 25. Rc1 h6 26. Re1 Rc6 27. h4
Bc7 28. Bf4 Bb6 29. cxb6 Rcxd6+ 30. Bxd6 Rxd6+ 31. Kc2 axb6 32. Rcd1 Rc6+ 33.
Kb2 Bc4 34. Rd8+ Kh7 35. a3 Rf6 36. f3 Rf5 37. Kc3 Be6 38. Rb8 Rb5 39. Kd4 Rb3
40. Re3 Rb2 41. Ke5 Bc4 42. g4 b5 43. a4 b4 44. Re4 f6+ 45. Kf4 g5+ 46. Kg3
gxh4+ 47. Kxh4 Bd5 48. Re7+ Kg6 49. Rd8 Bc4 50. f4 1-0

[Event "Madrid-ch Veterans"]
[Site "Madrid"]
[Date "2011.02.10"]
[Round "4"]
[White "Casares Ripoll, Fernando"]
[Black "Pastor Alonso de Prado, Emilio Alberto"]
[Result "1/2-1/2"]
[WhiteElo "2109"]
[BlackElo "2176"]
[PlyCount "69"]
[EventDate "2011.02.07"]
[EventType "swiss"]
[EventRounds "9"]
[EventCountry "ESP"]
[SourceTitle "CBM 140 Extra"]
[Source "ChessBase"]
[SourceDate "2011.03.01"]
[SourceVersion "1"]
[SourceVersionDate "2011.03.01"]
[SourceQuality "1"]

1. e4 e5 2. Nf3 Nc6 3. c3 Nf6 4. d4 Nxe4 5. d5 Ne7 6. Nxe5 Ng6 7. Bd3 Nxe5 8.
Bxe4 Bc5 9. Bf4 Qf6 10. Bg3 O-O 11. O-O d6 12. Nd2 Re8 13. Qc2 g6 14. Rae1 Bd7
15. h3 Qg5 16. Bxe5 dxe5 17. Nf3 Qf4 18. Qb3 Rab8 19. Qc4 Bd6 20. Bd3 Qxc4 21.
Bxc4 Kg7 22. Ng5 b5 23. Bb3 Bc5 24. d6 f6 25. dxc7 Rbc8 26. Ne4 Bf8 27. Rd1
Rxc7 28. Rd2 Be6 29. Nd6 Bxd6 30. Rxd6 Bxb3 31. axb3 Kf7 32. Rfd1 Re6 33. Rd7+
Rxd7 34. Rxd7+ Re7 35. Rd6 1/2-1/2

[Event "TUR-ch"]
[Site "Kemer"]
[Date "2011.02.09"]
[Round "6"]
[White "Deviren, Erdi"]
[Black "Kirali, Mehmet"]
[Result "1-0"]
[WhiteElo "1857"]
[BlackElo "2046"]
[PlyCount "97"]
[EventDate "2011.02.05"]
[EventType "swiss"]
[EventRounds "10"]
[EventCountry "TUR"]
[SourceTitle "CBM 140 Extra"]
[Source "ChessBase"]
[SourceDate "2011.03.01"]
[SourceVersion "1"]
[SourceVersionDate "2011.03.01"]
[SourceQuality "1"]

1. e4 e5 2. Nf3 Nc6 3. c3 d5 4. Qa4 Qd6 5. Bb5 Bd7 6. d4 exd4 7. exd5 Qxd5 8.
O-O Nge7 9. cxd4 O-O-O 10. Nc3 Qh5 11. Be3 a6 12. Bxa6 bxa6 13. Qxa6+ Kb8 14.
d5 Bc8 15. Qb5+ Bb7 16. dxc6 Qxb5 17. Nxb5 Nxc6 18. Bf4 Rc8 19. Rad1 Bc5 20.
Rd7 Bb6 21. Rxf7 Rhf8 22. Rxf8 Rxf8 23. Bg3 Nb4 24. Nfd4 Nd5 25. Ne6 Re8 26.
Nxg7 Re2 27. Rb1 Kc8 28. Nf5 Ba6 29. Nfd4 Re4 30. Rd1 Kb7 31. h3 Ka8 32. f3 Re2
33. Nxc7+ Nxc7 34. Bxc7 Ba7 35. Kh2 Rxb2 36. a4 Rb4 37. Nc6 Rxa4 38. Nxa7 Kxa7
39. Rd7 Bf1 40. Rxh7 Kb7 41. Be5+ Kc6 42. f4 Kd5 43. h4 Ke4 44. h5 Ra6 45. Kg3
Ra3+ 46. Kf2 Bc4 47. h6 Ra2+ 48. Kg1 Bd5 49. Rd7 1-0

[Event "Herne-ch 14th"]
[Site "Herne"]
[Date "2011.02.07"]
[Round "1"]
[White "Michalicek, Roland"]
[Black "Bartel, Mario"]
[Result "0-1"]
[WhiteElo "1972"]
[BlackElo "2122"]
[PlyCount "60"]
[EventDate "2011.02.07"]
[EventType "swiss"]
[EventRounds "7"]
[EventCountry "GER"]
[SourceTitle "EXT 2014"]
[Source "ChessBase"]
[SourceDate "2013.11.20"]
[SourceVersion "1"]
[SourceVersionDate "2013.11.20"]
[SourceQuality "1"]

1. e4 e5 2. Nf3 Nc6 3. c3 Nf6 4. d4 exd4 5. e5 Ne4 6. Qe2 f5 7. exf6 d5 8. Nxd4
Nxd4 9. cxd4 Kf7 10. fxg7 Bb4+ 11. Bd2 Re8 12. Bxb4 Nd6 13. Bxd6 cxd6 14. Nd2
Bf5 15. Rc1 Qb6 16. Nb3 a5 17. Rc3 Rxe2+ 18. Bxe2 a4 19. Rf3 axb3 20. Rxf5+
Kxg7 21. a3 Qxd4 22. O-O Qxb2 23. Bh5 Rxa3 24. Rf7+ Kh6 25. g4 Ra1 26. Rxa1
Qxa1+ 27. Kg2 b2 28. h4 b1=Q 29. Kg3 Qg1+ 30. Kf3 Qc3+ 0-1

[Event "TUR-ch"]
[Site "Kemer"]
[Date "2011.02.06"]
[Round "2"]
[White "Bapoglu, Ibrahim"]
[Black "Kirali, Mehmet"]
[Result "0-1"]
[WhiteElo "1900"]
[BlackElo "2046"]
[PlyCount "142"]
[EventDate "2011.02.05"]
[EventType "swiss"]
[EventRounds "10"]
[EventCountry "TUR"]
[SourceTitle "CBM 140 Extra"]
[Source "ChessBase"]
[SourceDate "2011.03.01"]
[SourceVersion "1"]
[SourceVersionDate "2011.03.01"]
[SourceQuality "1"]

1. e4 e5 2. Nf3 Nc6 3. c3 Nf6 4. d3 d5 5. exd5 Qxd5 6. Be2 Bf5 7. O-O O-O-O 8.
Ne1 h5 9. Be3 h4 10. Qb3 Qd7 11. Na3 h3 12. g3 Nd5 13. Nac2 Be6 14. Qa4 Kb8 15.
Bf3 Be7 16. a3 Nb6 17. Bxb6 cxb6 18. Ne3 f6 19. Rd1 Nd4 20. Qxd7 Nxf3+ 21. Nxf3
Rxd7 22. d4 e4 23. Nd2 f5 24. f3 exf3 25. Rxf3 g6 26. Re1 b5 27. Rf2 Bd6 28.
Rfe2 Bf7 29. Nf3 Re7 30. Ng5 Bb3 31. Nf1 Rxe2 32. Rxe2 Kc8 33. Nd2 Bd5 34. Ndf3
Rh5 35. Kf2 Bc4 36. Re1 Kd7 37. Rg1 Ke7 38. g4 Rh8 39. gxf5 gxf5 40. Ne5 Bxe5
41. dxe5 Rd8 42. Nf3 Rd3 43. Rg3 Rd1 44. Rxh3 f4 45. Rh7+ Ke6 46. Rh6+ Kf5 47.
Rd6 Rf1+ 48. Kg2 Rc1 49. Rd2 Ke4 50. Rd4+ Ke3 51. Rxc4 Rc2+ 52. Kh3 bxc4 53.
Nd4 Rxb2 54. e6 Rb6 55. e7 Rh6+ 56. Kg4 Rh8 57. Nf5+ Kd3 58. Kxf4 Kxc3 59. Nd6
Kb3 60. Ke5 c3 61. Nb5 c2 62. Nd4+ Kb2 63. Nxc2 Kxc2 64. Kd6 Kb3 65. Kd7 b5 66.
h4 Kxa3 67. h5 b4 68. h6 b3 69. e8=Q Rxe8 70. Kxe8 b2 71. h7 b1=Q 0-1

[Event "Senta January op"]
[Site "Senta"]
[Date "2011.02.05"]
[Round "6"]
[White "Pacal, Mihaly"]
[Black "Petkovic, Radosav"]
[Result "1/2-1/2"]
[WhiteElo "2132"]
[BlackElo "2299"]
[PlyCount "25"]
[EventDate "2011.01.21"]
[EventType "swiss"]
[EventRounds "9"]
[EventCountry "SRB"]
[SourceTitle "CBM 140 Extra"]
[Source "ChessBase"]
[SourceDate "2011.03.01"]
[SourceVersion "1"]
[SourceVersionDate "2011.03.01"]
[SourceQuality "1"]

1. e4 e5 2. Nf3 Nc6 3. c3 d5 4. Qa4 dxe4 5. Nxe5 Qd5 6. f4 exf3 7. Nxf3 Bf5 8.
Bc4 Qe4+ 9. Kf2 O-O-O 10. Re1 Qg4 11. d4 Bd6 12. Be3 Nge7 13. Nbd2 1/2-1/2

[Event "Berlin-ch Seniors 27th"]
[Site "Berlin"]
[Date "2011.02.01"]
[Round "4"]
[White "Thonig, Manfred"]
[Black "Bensch, Wolfgang"]
[Result "0-1"]
[WhiteElo "1628"]
[BlackElo "1397"]
[PlyCount "64"]
[EventDate "2011.01.29"]
[EventType "swiss"]
[EventRounds "9"]
[EventCountry "GER"]
[SourceTitle "EXT 2012"]
[Source "ChessBase"]
[SourceDate "2011.11.24"]
[SourceVersion "1"]
[SourceVersionDate "2011.11.24"]
[SourceQuality "1"]

1. e4 e5 2. Nf3 Nc6 3. c3 Nf6 4. d3 d5 5. Bg5 Be7 6. Be2 dxe4 7. Bxf6 exf3 8.
Bxe7 fxe2 9. Qxe2 Qxe7 10. O-O O-O 11. Nd2 b6 12. Rae1 Re8 13. Ne4 Bb7 14. Qg4
Bc8 15. Qh5 Qe6 16. Re3 Qg6 17. Qe2 f6 18. Rg3 Qf7 19. f4 Bf5 20. fxe5 Rxe5 21.
Rf4 Rae8 22. b3 Kh8 23. h4 Bxe4 24. dxe4 Nd8 25. Re3 Ne6 26. Rf5 Nf8 27. Rf4
Ng6 28. Rf5 Rxf5 29. exf5 Rxe3 30. fxg6 Qe7 31. Qg4 Re1+ 32. Kh2 Qd6+ 0-1

[Event "Moscow Open E"]
[Site "?"]
[Date "2011.02.01"]
[Round "?"]
[White "Kharchenko, Boris"]
[Black "Ozolin, Maxim"]
[Result "0-1"]
[WhiteElo "2467"]
[BlackElo "2363"]
[PlyCount "96"]
[EventDate "2011.??.??"]
[SourceTitle "OM OTB B 201907"]
[Source "Opening Master"]
[SourceDate "2019.07.06"]
[SourceVersion "2"]
[SourceVersionDate "2019.07.06"]
[SourceQuality "1"]

1. e4 e5 2. Nf3 Nc6 3. c3 Nf6 4. d4 d5 5. Bb5 Nxe4 6. Nxe5 Bd7 7. Nxd7 Qxd7 8.
O-O Be7 9. Nd2 Nd6 10. Ba4 O-O 11. Nf3 b5 12. Bc2 f5 13. a4 a6 14. Bf4 Ne4 15.
Qd3 Bd6 16. Bxd6 Qxd6 17. Rfe1 Rab8 18. axb5 axb5 19. Ne5 b4 20. Nxc6 Qxc6 21.
Ra6 Qb7 22. Re6 bxc3 23. bxc3 Qb2 24. Rc6 Ra8 25. f3 Ra2 26. fxe4 fxe4 27. Qg3
Qxc2 28. Rxc7 Qf2+ 29. Qxf2 Rfxf2 30. Rc8+ Kf7 31. Rf1 Rxf1+ 32. Kxf1 Rc2 33.
Rc6 Ke7 34. h4 Kd7 35. Rc5 Ke6 36. h5 Kf5 37. Rxd5+ Kf4 38. Rd7 Ke3 39. g4 Kd2
40. Rxg7 e3 41. Re7 Rc1+ 42. Kg2 e2 43. g5 e1=Q 44. Rxe1 Rxe1 45. Kf3 Kxc3 46.
Kf4 Kxd4 47. Kf5 Rh1 48. h6 Rf1+ 0-1

[Event "Moscow Open E"]
[Site "?"]
[Date "2011.01.31"]
[Round "?"]
[White "Rakaev, Rishat"]
[Black "Litvinov, Maxim"]
[Result "1-0"]
[WhiteElo "1955"]
[BlackElo "1734"]
[PlyCount "25"]
[EventDate "2011.??.??"]
[SourceTitle "OM OTB B 201907"]
[Source "Opening Master"]
[SourceDate "2019.07.06"]
[SourceVersion "2"]
[SourceVersionDate "2019.07.06"]
[SourceQuality "1"]

1. e4 e5 2. Nf3 Nc6 3. c3 Nf6 4. d4 Nxe4 5. d5 Bc5 6. dxc6 Bxf2+ 7. Ke2 bxc6 8.
Qa4 f5 9. Nbd2 Nxd2 10. Bxd2 Bb6 11. Bg5 Ba6+ 12. Qxa6 Qb8 13. Nxe5 1-0

[Event "FICGS__CHESS__RAPID_E__000045"]
[Site "FICGS"]
[Date "2011.01.30"]
[Round "1"]
[White "Melquiades, Jay"]
[Black "Henrion, Yann"]
[Result "0-1"]
[WhiteElo "1041"]
[BlackElo "1094"]
[PlyCount "52"]
[EventDate "2011.??.??"]
[EventType "rapid"]

1. e4 e5 2. Nf3 Nc6 3. c3 Nf6 4. d3 d5 5. Bg5 Be7 6. Nbd2 O-O 7. h3 h6 8. Bh4
dxe4 9. Nxe4 Nxe4 10. dxe4 Be6 11. Bxe7 Qxe7 12. b3 Rfd8 13. Qc1 a5 14. h4 b5
15. c4 bxc4 16. Bxc4 Bxc4 17. Qxc4 Qd6 18. g4 Nd4 19. O-O-O Qa3+ 20. Kd2 Nxf3+
21. Ke2 Nd4+ 22. Rxd4 Rxd4 23. Rc1 Qxa2+ 24. Qc2 Rxe4+ 25. Kd2 Qxc2+ 26. Rxc2
Rxg4 0-1

[Event "AUT-chT2W 1011"]
[Site "Austria"]
[Date "2011.01.29"]
[Round "7.6"]
[White "Walkner, Olga"]
[Black "Hofer, Emilian"]
[Result "1/2-1/2"]
[WhiteElo "2136"]
[BlackElo "1772"]
[PlyCount "70"]
[EventDate "2010.10.15"]
[EventType "team-tourn"]
[EventRounds "11"]
[EventCountry "AUT"]
[SourceTitle "EXT 2012"]
[Source "ChessBase"]
[SourceDate "2011.11.24"]
[SourceVersion "1"]
[SourceVersionDate "2011.11.24"]
[SourceQuality "1"]
[WhiteTeam "Mozart"]
[BlackTeam "Hohenems II"]
[WhiteTeamCountry "AUT"]
[BlackTeamCountry "AUT"]

1. e4 e5 2. Nf3 Nc6 3. c3 Nf6 4. d4 Nxe4 5. d5 Ne7 6. Nxe5 Ng6 7. Qd4 Nxe5 8.
Qxe4 Qe7 9. Be2 Ng6 10. Qc4 d6 11. O-O Qd8 12. Qd4 f6 13. Bh5 Be7 14. Re1 O-O
15. Na3 f5 16. Bxg6 hxg6 17. Bd2 Bf6 18. Qb4 Qd7 19. Qc4 a6 20. Nc2 b5 21. Qd3
Bb7 22. Be3 Rae8 23. b3 c6 24. Nb4 cxd5 25. Nxd5 Bxd5 26. Qxd5+ Qe6 27. Qxe6+
Rxe6 28. Bd4 Rxe1+ 29. Rxe1 Bxd4 30. cxd4 Rc8 31. Kf1 Kf7 32. f4 Rc2 33. Re2
Rxe2 34. Kxe2 Ke6 35. Ke3 Kd5 1/2-1/2